{"text_format":"1","workbook":"xls","n_sheets":1,"sheets":["ЛСР 17 граф с оборудованием"],"not_rendered":{"charts":0,"images":0,"macros":0,"external_links":1,"defined_names":7,"comments":0,"pivot_tables":0},"unopened":[],"bounds":{"document_bytes":16777216,"sheet_cells":100000,"rows_first":2000,"rows_last":500,"rows_between":2000,"halvings":0,"cell_chars":16384,"cell_head_chars":4096},"cells_cut":0,"cells_raw":0,"read":"whole","date_system":"1900","formulas":"cached_only"}

{"sheet":"ЛСР 17 граф с оборудованием","index":0,"n_rows":198,"n_cols":17,"rows_kept":198,"cut":false,"hidden":false,"merged":[[23,0,25,0],[23,1,25,1],[23,2,25,2],[23,3,25,3],[23,4,25,4],[23,9,23,13],[23,14,25,14],[23,15,25,15],[23,16,25,16],[24,5,25,5],[24,6,24,8],[24,9,25,9],[24,10,25,10],[24,11,24,13],[23,5,23,8],[139,0,139,9],[27,0,27,16],[47,0,47,9],[48,0,48,16],[66,0,66,9],[67,0,67,16],[78,0,78,9],[79,0,79,16],[88,0,88,9],[89,0,89,16],[114,0,114,9],[115,0,115,16],[180,0,180,9],[140,0,140,16],[145,0,145,9],[146,0,146,16],[156,0,156,9],[157,0,157,16],[174,0,174,9],[175,0,175,16],[176,0,176,9],[177,0,177,9],[178,0,178,9],[179,0,179,9],[192,0,192,9],[181,0,181,9],[182,0,182,9],[183,0,183,9],[184,0,184,9],[185,0,185,9],[186,0,186,9],[187,0,187,9],[188,0,188,9],[189,0,189,9],[190,0,190,9],[191,0,191,9],[15,9,15,10],[18,9,18,10],[19,9,19,10],[17,9,17,10],[16,9,16,10],[193,0,193,9],[194,0,194,9],[195,0,195,9],[196,0,196,9],[197,0,197,9]],"flags":["formulas_cached_only"]}
["СОГЛАСОВАНО:",null,null,null,null,null,null,null,null,null,null,null,"УТВЕРЖДАЮ:"]
[]
[]
["_________________",null,null,null,null,null,null,null,null,null,null,null,"_________________"]
["\" _____ \" ________________ 2014 г.",null,null,null,null,null,null,null,null,null,null,null,"\"______ \" _______________2014 г."]
[]
[null,null,null,null,null,null,"(наименование стройки)"]
[]
[null,null,null,null,null,null,"ЛОКАЛЬНЫЙ СМЕТНЫЙ РАСЧЕТ № "]
[null,null,null,null,null,null,"(локальная смета)"]
[]
[null,null,"на ","выполнение ремонтных работ в апеке № 25 ГП АО \"Астраханские аптеки\""]
[null,null,null,null,null,null,"(наименование работ и затрат, наименование объекта)"]
[]
[null,null,null,"Основание: "]
[null,null,null,"Сметная стоимость _______________________________________________________________________________________________",null,null,null,null,null,"___________________________797,274",null,"тыс. руб."]
[null,null,null,"      строительных работ _______________________________________________________________________________________________",null,null,null,null,null,"_______________________________________________________________________________________________478,715",null,"тыс. руб."]
[null,null,null,"      монтажных работ _______________________________________________________________________________________________",null,null,null,null,null,"_______________________________________________________________________________________________264,318",null,"тыс. руб."]
[null,null,null,"Средства на оплату труда _______________________________________________________________________________________________",null,null,null,null,null,"___________________________228,779",null,"тыс. руб."]
[null,null,null,"Сметная трудоемкость _______________________________________________________________________________________________",null,null,null,null,null,"_______________________________________________________________________________________________1929,7",null,"чел.час"]
[null,null,null,"Составлен(а) в текущих (прогнозных) ценах по состоянию на  4кв. 2013г."]
[]
[]
["№ пп","Обосно-\nвание","Наименование","Ед. изм.","Кол.","Стоимость единицы, руб.",null,null,null,"Общая стоимость, руб.",null,null,null,null,"Т/з осн.\nраб.на ед.","Т/з осн.\nраб.\nВсего","Общая масса обору-дования, т"]
[null,null,null,null,null,"Всего","В том числе",null,null,"Обору-\nдование","Всего","В том числе"]
[null,null,null,null,null,null,"Осн.З/п","Эк.Маш","З/пМех",null,null,"Осн.З/п","Эк.Маш","З/пМех"]
[1,2,3,4,5,6,7,8,9,10,11,12,13,14,15,16,17]
["                           Раздел 1. №3"]
[1,"ТЕР46-04-009-01\nПост.Минстроя Астрах.обл. от 19.03.10 №3","Разборка бетонных оснований под полы: на гравии","1 м3",5.205,300.84,74.48,226.36,20.88,null,1566,388,1178,109,8.93,46.48]
[2,"ТЕРр68-1-1\nПост.Минстроя Астрах.обл. от 19.03.10 №3","Корчевка пней вручную давностью рубки до трех лет: диаметром до 500 мм мягких пород","1 пень",5,86.04,26.34,2.7,null,null,430,132,14,null,3.7,18.5]
[3,"ТЕР01-02-027-05\nПост.Минстроя Астрах.обл. от 19.03.10 №3","Планировка площадей: ручным способом, группа грунтов 2","1000 м2 спланированной площади","0,0347\n34,7/1000",964.32,964.32,null,null,null,33,33,null,null,123,4.27]
[4,"ТЕР11-01-002-04\nПост.Минстроя Астрах.обл. от 19.03.10 №3","Устройство подстилающих слоев: щебеночных","1 м3 подстилающего слоя",3.45,365.33,30.36,52.24,5.08,null,1260,105,180,18,3.73,12.87]
[5,"ТЕР01-02-005-01\nПост.Минстроя Астрах.обл. от 19.03.10 №3","Уплотнение грунта пневматическими трамбовками, группа грунтов: 1-2","100 м3 уплотненного грунта","0,0345\n3,45/100",398.36,98.24,300.12,28.09,null,14,3,11,1,12.53,0.43]
[6,"ТЕР11-01-004-01\nПост.Минстроя Астрах.обл. от 19.03.10 №3","Устройство гидроизоляции оклеечной рулонными материалами: на мастике Битуминоль, первый слой","100 м2 изолируемой поверхности",0.347,3332.46,478.42,327.35,4.15,null,1156,166,114,1,46.18,16.02]
[7,"ТЕР06-01-001-01\nПост.Минстроя Астрах.обл. от 19.03.10 №3","Устройство бетонной подготовки","100 м3 бетона, бутобетона и железобетона в деле","0,05205\n5,205/100",69838.84,1290.6,1750.57,223.02,null,3635,67,91,12,180,9.37]
[8,"ТЕР06-01-015-10\nПост.Минстроя Астрах.обл. от 19.03.10 №3","Армирование подстилающих слоев и набетонок","1 т",0.104,8969.77,102.89,36.28,1.98,null,933,11,4,null,12.64,1.31]
[9,"ТЕР11-01-011-08\nПост.Минстроя Астрах.обл. от 30.03.2012 № 5","Устройство стяжек: из выравнивающей смеси типа «Ветонит» 5000, толщиной 5 мм","100 м2 стяжки",0.347,5022.35,295.33,22.9,1.38,null,1743,102,8,null,37.67,13.07]
[10,"ТЕР11-01-027-06\nПост.Минстроя Астрах.обл. от 19.03.10 №3","Устройство покрытий на растворе из сухой смеси с приготовлением раствора в построечных условиях из плиток: гладких неглазурованных керамических для полов одноцветных","100 м2 покрытия",0.347,9092.67,963.03,147.59,42.24,null,3155,334,51,15,119.78,41.56]
[11,"ТЕР11-01-040-01\nПост.Минстр.Астрах.обл. №18 от 31.10.11","Устройство плинтусов поливинилхлоридных: на клее КН-2","100 м плинтуса",0.252,1374.86,80.73,2.7,null,null,346,20,1,null,8.99,2.27]
[12,"ТЕРр62-42-1\nПост.Минстроя Астрах.обл. от 19.03.10 №3","Протравка цементной штукатурки нейтрализующим раствором","100 м2 протравленной поверхности",1.103,34.39,27.03,null,null,null,38,30,null,null,3.77,4.16]
[13,"ТЕР10-05-009-02\nПост.Минстроя Астрах.обл. от 19.03.10 №3\nприм.","Облицовка стен по системе «КНАУФ» по одинарному металлическому каркасу из ПН и ПС профилей гипсокартонными листами ПВХ (С 625): с дверным проемом","100 м2 стен (за вычетом проемов)",0.756,7116,558.78,13.94,null,null,5380,422,11,null,67,50.65]
[14,"ТЕР15-01-047-15\nПост.Минстроя Астрах.обл. от 19.03.10 №3","Устройство: подвесных потолков типа <Армстронг> по каркасу из оцинкованного профиля","100 м2 поверхности облицовки",0.347,6671.01,886.28,449.33,8.09,null,2315,308,156,3,102.46,35.55]
[15,"ТЕР20-02-003-01\nПост.Минстроя Астрах.обл. от 19.03.10 №3","Установка решеток жалюзийных стальных: неподвижных односекционных, размер 150х490 мм","1 решетка",1,23.58,9.64,2.5,null,null,24,10,3,null,1.17,1.17]
[16,"ТЕР20-02-002-03\nПост.Минстроя Астрах.обл. от 19.03.10 №3","Установка решеток жалюзийных площадью в свету: до 1,5 м2","1 решетка",3,35.01,17.39,4.73,0.12,null,105,52,14,null,2.11,6.33]
[17,"ТЕР10-01-039-01\nПост.Минстроя Астрах.обл. от 30.03.2012 № 5","Установка блоков в наружных и внутренних дверных проемах: в каменных стенах, площадь проема до 3 м2","100 м2 проемов",0.0378,40440.44,880.12,1325.67,140.63,null,1529,33,50,5,104.28,3.94]
[18,"ТЕР10-01-060-01\nПост.Минстроя Астрах.обл. от 19.03.10 №3","Установка и крепление наличников","100 м коробок блоков",0.102,797.38,58.73,3.6,null,null,81,6,null,null,7.82,0.8]
[19,"ТЕРр65-4-1\nПост.Минстроя Астрах.обл. от 19.03.10 №3","Демонтаж: умывальников и раковин","100 приборов",0.01,410.79,402.19,8.6,2.77,null,4,4,null,null,51.3,0.51]
["  Итого по разделу 1 №3",null,null,null,null,null,null,null,null,null,128828,null,null,null,null,359.05]
["                           Раздел 2. №4"]
[20,"ТЕР46-04-012-03\nПост.Минстроя Астрах.обл. от 19.03.10 №3","Разборка деревянных заполнений проемов: дверных и воротных","100 м2",0.0189,1029.05,773.09,255.96,82.43,null,19,15,4,2,103.91,1.96]
[21,"ТЕР10-01-013-05\nПост.Минстроя Астрах.обл. от 19.03.10 №3","Устройство перегородок под штукатурку: каркасных обшитых с двух сторон досками без утеплителя (демонтаж)\n(МДС36 п.3.3.1.Демонтаж (разборка) сборных деревянных конструкций ОЗП=0,8; ЭМ=0,8 к расх.; ЗПМ=0,8; МАТ=0 к расх.; ТЗ=0,8; ТЗМ=0,8)","100 м2 перегородок (за вычетом проемов)","0,0735\n7,35/100",713.84,518.36,195.48,14.87,null,52,38,14,1,67.232,4.94]
[22,"ТЕРр63-7-5\nПост.Минстроя Астрах.обл. от 19.03.10 №3","Разборка облицовки стен: из керамических глазурованных плиток","100 м2 поверхности облицовки",0.3942,697.06,537.93,159.13,18.89,null,275,212,63,7,74.3,29.29]
[23,"ТЕРр57-3-1\nПост.Минстроя Астрах.обл. от 19.03.10 №3","Разборка плинтусов: деревянных и из пластмассовых материалов","100 м плинтуса",0.1804,27.03,27.03,null,null,null,5,5,null,null,3.77,0.68]
[24,"ТЕРр57-2-1\nПост.Минстроя Астрах.обл. от 19.03.10 №3","Разборка покрытий полов: из линолеума и релина","100 м2 покрытия",0.101,85.97,81.67,4.3,1.38,null,9,9,null,null,11.39,1.15]
[25,"ТЕР11-01-011-08\nПост.Минстроя Астрах.обл. от 30.03.2012 № 5","Устройство стяжек: из выравнивающей смеси типа «Ветонит» 5000, толщиной 5 мм","100 м2 стяжки",0.101,5022.35,295.33,22.9,1.38,null,507,30,2,null,37.67,3.8]
[26,"ТЕР11-01-027-06\nПост.Минстроя Астрах.обл. от 19.03.10 №3","Устройство покрытий на растворе из сухой смеси с приготовлением раствора в построечных условиях из плиток: гладких неглазурованных керамических для полов одноцветных","100 м2 покрытия",0.101,9092.67,963.03,147.59,42.24,null,918,97,15,4,119.78,12.1]
[27,"ТЕР10-05-001-01\nПост.Минстроя Астрах.обл. от 19.03.10 №3","Устройство перегородок из гипсокартонных листов (ГКЛ) по системе «КНАУФ» с одинарным металлическим каркасом и однослойной обшивкой с обеих сторон (С 111): глухих","100 м2 перегородок (за вычетом проемов)",0.0735,8968.75,817.32,31.94,null,null,659,60,2,null,98,7.2]
[28,"ТЕР10-01-039-01\nПост.Минстроя Астрах.обл. от 30.03.2012 № 5","Установка блоков в наружных и внутренних дверных проемах: в каменных стенах, площадь проема до 3 м2","100 м2 проемов",0.0189,40440.44,880.12,1325.67,140.63,null,764,17,25,3,104.28,1.97]
[29,"ТЕР10-01-060-01\nПост.Минстроя Астрах.обл. от 19.03.10 №3","Установка и крепление наличников","100 м коробок блоков",0.051,797.38,58.73,3.6,null,null,41,3,null,null,7.82,0.4]
[30,"ТЕР15-01-019-01\nПост.Минстроя Астрах.обл. от 19.03.10 №3","Гладкая облицовка стен, столбов, пилястр и откосов (без карнизных, плинтусных и угловых плиток) без установки плиток туалетного гарнитура на цементном растворе: по кирпичу и бетону","100 м2 поверхности облицовки",0.5832,12457.99,1924.32,30.81,9.09,null,7265,1122,18,5,228,132.97]
[31,"ТЕР11-01-040-01\nПост.Минстр.Астрах.обл. №18 от 31.10.11","Устройство плинтусов поливинилхлоридных: на клее КН-2","100 м плинтуса",0.1804,1374.86,80.73,2.7,null,null,248,15,null,null,8.99,1.62]
[32,"ТЕР15-01-047-15\nПост.Минстроя Астрах.обл. от 19.03.10 №3","Устройство: подвесных потолков типа <Армстронг> по каркасу из оцинкованного профиля","100 м2 поверхности облицовки",0.101,6671.01,886.28,449.33,8.09,null,674,90,45,1,102.46,10.35]
[33,"ТЕР08-02-001-07\nПост.Минстроя Астрах.обл. от 19.03.10 №3","Кладка стен кирпичных внутренних: при высоте этажа до 4 м","1 м3 кладки",0.4,856.26,39.8,38.04,4.96,null,343,16,15,2,5.21,2.08]
[34,"ТЕР15-04-027-05\nПост.Минстроя Астрах.обл. от 19.03.10 №3","Третья шпатлевка при высококачественной окраске по штукатурке и сборным конструкциям: стен, подготовленных под окраску","100 м2 окрашиваемой поверхности",0.3942,510.52,104.91,3.03,0.11,null,201,41,1,null,11.99,4.73]
[35,"ТЕР20-02-002-03\nПост.Минстроя Астрах.обл. от 19.03.10 №3","Установка решеток жалюзийных площадью в свету: до 1,5 м2","1 решетка",1,35.01,17.39,4.73,0.12,null,35,17,5,null,2.11,2.11]
[36,"ТЕР15-07-016-01\nПост.Минстр.Астрах.обл. №18 от 31.10.11","Облицовка стен гипсокартонными листами на клее","100 м2 отделываемой поверхности",0.042,3459.29,411.66,4.63,1.49,null,145,17,null,null,49.36,2.07]
["Итого по разделу 2 №4",null,null,null,null,null,null,null,null,null,86064,null,null,null,null,296.87]
["                           Раздел 3. №5"]
[37,"ТЕР46-04-012-03\nПост.Минстроя Астрах.обл. от 19.03.10 №3","Разборка деревянных заполнений проемов: дверных и воротных","100 м2","0,0378\n0,0189*2",1029.05,773.09,255.96,82.43,null,39,29,10,3,103.91,3.93]
[38,"ТЕР10-01-039-01\nПост.Минстроя Астрах.обл. от 30.03.2012 № 5","Установка блоков в наружных и внутренних дверных проемах: в каменных стенах, площадь проема до 3 м2","100 м2 проемов","0,0378\n0,0189*2",40440.44,880.12,1325.67,140.63,null,1529,33,50,5,104.28,3.94]
[39,"ТЕР10-01-060-01\nПост.Минстроя Астрах.обл. от 19.03.10 №3","Установка и крепление наличников","100 м коробок блоков","0,102\n0,051*2",797.38,58.73,3.6,null,null,81,6,null,null,7.82,0.8]
[40,"ТЕР15-01-047-15\nПост.Минстроя Астрах.обл. от 19.03.10 №3","Устройство: подвесных потолков типа <Армстронг> по каркасу из оцинкованного профиля","100 м2 поверхности облицовки",0.108,6671.01,886.28,449.33,8.09,null,720,96,49,1,102.46,11.07]
[41,"ТЕР15-07-016-01\nПост.Минстр.Астрах.обл. №18 от 31.10.11","Облицовка стен гипсокартонными листами на клее","100 м2 отделываемой поверхности",0.039,3459.29,411.66,4.63,1.49,null,135,16,null,null,49.36,1.93]
[42,"ТЕР15-01-019-01\nПост.Минстроя Астрах.обл. от 19.03.10 №3","Гладкая облицовка стен, столбов, пилястр и откосов (без карнизных, плинтусных и угловых плиток) без установки плиток туалетного гарнитура на цементном растворе: по кирпичу и бетону","100 м2 поверхности облицовки",0.047,12457.99,1924.32,30.81,9.09,null,586,90,1,null,228,10.72]
[43,"ТЕР20-02-002-03\nПост.Минстроя Астрах.обл. от 19.03.10 №3","Установка решеток жалюзийных площадью в свету: до 1,5 м2","1 решетка",2,35.01,17.39,4.73,0.12,null,70,35,9,null,2.11,4.22]
[44,"ТЕРр57-3-1\nПост.Минстроя Астрах.обл. от 19.03.10 №3","Разборка плинтусов: деревянных и из пластмассовых материалов","100 м плинтуса",0.135,27.03,27.03,null,null,null,4,4,null,null,3.77,0.51]
[45,"ТЕР11-01-040-01\nПост.Минстр.Астрах.обл. №18 от 31.10.11","Устройство плинтусов поливинилхлоридных: на клее КН-2","100 м плинтуса",0.135,1374.86,80.73,2.7,null,null,186,11,null,null,8.99,1.21]
[46,"ТЕР08-02-001-07\nПост.Минстроя Астрах.обл. от 19.03.10 №3","Кладка стен кирпичных внутренних: при высоте этажа до 4 м","1 м3 кладки",0.4,856.26,39.8,38.04,4.96,null,343,16,15,2,5.21,2.08]
["Итого по разделу 3 №5",null,null,null,null,null,null,null,null,null,17838,null,null,null,null,54.97]
["                           Раздел 4. №6"]
[47,"ТЕР08-02-001-07\nПост.Минстроя Астрах.обл. от 19.03.10 №3","Кладка стен кирпичных внутренних: при высоте этажа до 4 м","1 м3 кладки",0.4,856.26,39.8,38.04,4.96,null,343,16,15,2,5.21,2.08]
[48,"ТЕР10-05-009-02\nПост.Минстроя Астрах.обл. от 19.03.10 №3\nприм.","Облицовка стен по системе «КНАУФ» по одинарному металлическому каркасу из ПН и ПС профилей гипсокартонными листами в один слой (С 625): с дверным проемом","100 м2 стен (за вычетом проемов)",0.039,7116,558.78,13.94,null,null,278,22,1,null,67,2.61]
[49,"ТЕР15-01-019-01\nПост.Минстроя Астрах.обл. от 19.03.10 №3","Гладкая облицовка стен, столбов, пилястр и откосов (без карнизных, плинтусных и угловых плиток) без установки плиток туалетного гарнитура на цементном растворе: по кирпичу и бетону","100 м2 поверхности облицовки",0.059,12457.99,1924.32,30.81,9.09,null,735,114,2,1,228,13.45]
[50,"ТЕР20-02-002-03\nПост.Минстроя Астрах.обл. от 19.03.10 №3","Установка решеток жалюзийных площадью в свету: до 1,5 м2","1 решетка",1,35.01,17.39,4.73,0.12,null,35,17,5,null,2.11,2.11]
[51,"ТЕР46-04-012-03\nПост.Минстроя Астрах.обл. от 19.03.10 №3","Разборка деревянных заполнений проемов: дверных и воротных","100 м2",0.0189,1029.05,773.09,255.96,82.43,null,19,15,4,2,103.91,1.96]
[52,"ТЕР10-01-039-01\nПост.Минстроя Астрах.обл. от 30.03.2012 № 5","Установка блоков в наружных и внутренних дверных проемах: в каменных стенах, площадь проема до 3 м2","100 м2 проемов",0.0189,40440.44,880.12,1325.67,140.63,null,764,17,25,3,104.28,1.97]
[53,"ТЕР10-01-060-01\nПост.Минстроя Астрах.обл. от 19.03.10 №3","Установка и крепление наличников","100 м коробок блоков",0.051,797.38,58.73,3.6,null,null,41,3,null,null,7.82,0.4]
[54,"ТЕР15-01-047-15\nПост.Минстроя Астрах.обл. от 19.03.10 №3","Устройство: подвесных потолков типа <Армстронг> по каркасу из оцинкованного профиля","100 м2 поверхности облицовки",0.087,6671.01,886.28,449.33,8.09,null,580,77,39,1,102.46,8.91]
["Итого по разделу 4 №6",null,null,null,null,null,null,null,null,null,14731,null,null,null,null,45.87]
["                           Раздел 5. №7"]
[55,"ТЕР46-04-009-01\nПост.Минстроя Астрах.обл. от 19.03.10 №3","Разборка бетонных оснований под полы: на гравии","1 м3",3.36,300.84,74.48,226.36,20.88,null,1011,250,761,70,8.93,30]
[56,"ТЕРр68-1-1\nПост.Минстроя Астрах.обл. от 19.03.10 №3","Корчевка пней вручную давностью рубки до трех лет: диаметром до 500 мм мягких пород","1 пень",5,86.04,26.34,2.7,null,null,430,132,14,null,3.7,18.5]
[57,"ТЕР01-02-027-05\nПост.Минстроя Астрах.обл. от 19.03.10 №3","Планировка площадей: ручным способом, группа грунтов 2","1000 м2 спланированной площади","0,0224\n22,4/1000",964.32,964.32,null,null,null,22,22,null,null,123,2.76]
[58,"ТЕР11-01-002-04\nПост.Минстроя Астрах.обл. от 19.03.10 №3","Устройство подстилающих слоев: щебеночных","1 м3 подстилающего слоя",2.24,365.33,30.36,52.24,5.08,null,818,68,117,11,3.73,8.36]
[59,"ТЕР01-02-005-01\nПост.Минстроя Астрах.обл. от 19.03.10 №3","Уплотнение грунта пневматическими трамбовками, группа грунтов: 1-2","100 м3 уплотненного грунта","0,0224\n2,24/100",398.36,98.24,300.12,28.09,null,9,2,7,1,12.53,0.28]
[60,"ТЕР11-01-004-01\nПост.Минстроя Астрах.обл. от 19.03.10 №3","Устройство гидроизоляции оклеечной рулонными материалами: на мастике Битуминоль, первый слой","100 м2 изолируемой поверхности",0.224,3332.46,478.42,327.35,4.15,null,746,107,73,1,46.18,10.34]
[61,"ТЕР06-01-001-01\nПост.Минстроя Астрах.обл. от 19.03.10 №3","Устройство бетонной подготовки","100 м3 бетона, бутобетона и железобетона в деле","0,0336\n3,36/100",69838.84,1290.6,1750.57,223.02,null,2347,43,59,7,180,6.05]
[62,"ТЕР06-01-015-10\nПост.Минстроя Астрах.обл. от 19.03.10 №3","Армирование подстилающих слоев и набетонок","1 т",0.0672,8969.77,102.89,36.28,1.98,null,603,7,2,null,12.64,0.85]
[63,"ТЕР11-01-011-08\nПост.Минстроя Астрах.обл. от 30.03.2012 № 5","Устройство стяжек: из выравнивающей смеси типа «Ветонит» 5000, толщиной 5 мм","100 м2 стяжки",0.224,5022.35,295.33,22.9,1.38,null,1125,66,5,null,37.67,8.44]
[64,"ТЕР11-01-027-06\nПост.Минстроя Астрах.обл. от 19.03.10 №3","Устройство покрытий на растворе из сухой смеси с приготовлением раствора в построечных условиях из плиток: гладких неглазурованных керамических для полов одноцветных","100 м2 покрытия",0.224,9092.67,963.03,147.59,42.24,null,2037,216,33,9,119.78,26.83]
[65,"ТЕРр57-3-1\nПост.Минстроя Астрах.обл. от 19.03.10 №3","Разборка плинтусов: деревянных и из пластмассовых материалов","100 м плинтуса",0.194,27.03,27.03,null,null,null,5,5,null,null,3.77,0.73]
[66,"ТЕР11-01-040-01\nПост.Минстр.Астрах.обл. №18 от 31.10.11","Устройство плинтусов поливинилхлоридных: на клее КН-2","100 м плинтуса",0.194,1374.86,80.73,2.7,null,null,267,16,1,null,8.99,1.74]
[67,"ТЕРр63-7-5\nПост.Минстроя Астрах.обл. от 19.03.10 №3","Разборка облицовки стен: из керамических глазурованных плиток","100 м2 поверхности облицовки",0.224,697.06,537.93,159.13,18.89,null,156,120,36,4,74.3,16.64]
[68,"ТЕР10-05-009-02\nПост.Минстроя Астрах.обл. от 19.03.10 №3\nприм.","Облицовка стен  по одинарному металлическому каркасу из ПН и ПС профилей гипсокартонными панелями ПВХ","100 м2 стен (за вычетом проемов)",0.5742,7116,558.78,13.94,null,null,4086,321,8,null,67,38.47]
[69,"ТЕР15-01-047-15\nПост.Минстроя Астрах.обл. от 19.03.10 №3","Устройство: подвесных потолков типа <Армстронг> по каркасу из оцинкованного профиля","100 м2 поверхности облицовки",0.224,6671.01,886.28,449.33,8.09,null,1494,199,101,2,102.46,22.95]
[70,"ТЕРр62-42-1\nПост.Минстроя Астрах.обл. от 19.03.10 №3","Протравка цементной штукатурки нейтрализующим раствором","100 м2 протравленной поверхности",0.7982,34.39,27.03,null,null,null,27,22,null,null,3.77,3.01]
[71,"ТЕР46-04-012-03\nПост.Минстроя Астрах.обл. от 19.03.10 №3","Разборка деревянных заполнений проемов: дверных и воротных","100 м2",0.0189,1029.05,773.09,255.96,82.43,null,19,15,4,2,103.91,1.96]
[72,"ТЕР10-01-039-01\nПост.Минстроя Астрах.обл. от 30.03.2012 № 5","Установка блоков в наружных и внутренних дверных проемах: в каменных стенах, площадь проема до 3 м2","100 м2 проемов",0.0189,40440.44,880.12,1325.67,140.63,null,764,17,25,3,104.28,1.97]
[73,"ТЕР10-01-060-01\nПост.Минстроя Астрах.обл. от 19.03.10 №3","Установка и крепление наличников","100 м коробок блоков",0.051,797.38,58.73,3.6,null,null,41,3,null,null,7.82,0.4]
[74,"ТЕР08-02-001-07\nПост.Минстроя Астрах.обл. от 19.03.10 №3","Кладка стен кирпичных внутренних: при высоте этажа до 4 м","1 м3 кладки",0.8,856.26,39.8,38.04,4.96,null,685,32,30,4,5.21,4.17]
[75,"ТЕРр65-6-19\nИ3-Пост.Минстроя Астрах.обл. от 23.12.13 №16","Смена: раковин","100 приборов",0.02,20296.66,1595.44,86.18,7.46,null,406,32,2,null,191.3,3.83]
[76,"ТЕР20-02-002-03\nПост.Минстроя Астрах.обл. от 19.03.10 №3","Установка решеток жалюзийных площадью в свету: до 1,5 м2","1 решетка",1,35.01,17.39,4.73,0.12,null,35,17,5,null,2.11,2.11]
[77,"ТЕР20-02-003-01\nПост.Минстроя Астрах.обл. от 19.03.10 №3","Установка решеток жалюзийных стальных: неподвижных односекционных, размер 150х490 мм","1 решетка",1,23.58,9.64,2.5,null,null,24,10,3,null,1.17,1.17]
[78,"ТЕРр55-5-1\nПост.Минстроя Астрах.обл. от 19.03.10 №3","Разборка кирпичных перегородок на отдельные кирпичи","100 м2 перегородок",0.0822,1711.61,1107.01,604.6,62.09,null,141,91,50,5,141.2,11.61]
["Итого по разделу 5 №7",null,null,null,null,null,null,null,null,null,99709,null,null,null,null,292.44]
["                           Раздел 6. №8"]
[79,"ТЕР46-04-009-01\nПост.Минстроя Астрах.обл. от 19.03.10 №3","Разборка бетонных оснований под полы: на гравии","1 м3",2.025,300.84,74.48,226.36,20.88,null,609,151,458,42,8.93,18.08]
[80,"ТЕРр68-1-1\nПост.Минстроя Астрах.обл. от 19.03.10 №3","Корчевка пней вручную давностью рубки до трех лет: диаметром до 500 мм мягких пород","1 пень",3,86.04,26.34,2.7,null,null,258,79,8,null,3.7,11.1]
[81,"ТЕР01-02-027-05\nПост.Минстроя Астрах.обл. от 19.03.10 №3","Планировка площадей: ручным способом, группа грунтов 2","1000 м2 спланированной площади","0,0135\n13,5/1000",964.32,964.32,null,null,null,13,13,null,null,123,1.66]
[82,"ТЕР11-01-002-04\nПост.Минстроя Астрах.обл. от 19.03.10 №3","Устройство подстилающих слоев: щебеночных","1 м3 подстилающего слоя",2.025,365.33,30.36,52.24,5.08,null,740,61,106,10,3.73,7.55]
[83,"ТЕР01-02-005-01\nПост.Минстроя Астрах.обл. от 19.03.10 №3","Уплотнение грунта пневматическими трамбовками, группа грунтов: 1-2","100 м3 уплотненного грунта","0,02025\n2,025/100",398.36,98.24,300.12,28.09,null,8,2,6,1,12.53,0.25]
[84,"ТЕР11-01-004-01\nПост.Минстроя Астрах.обл. от 19.03.10 №3","Устройство гидроизоляции оклеечной рулонными материалами: на мастике Битуминоль, первый слой","100 м2 изолируемой поверхности",0.135,3332.46,478.42,327.35,4.15,null,450,65,44,1,46.18,6.23]
[85,"ТЕР06-01-001-01\nПост.Минстроя Астрах.обл. от 19.03.10 №3","Устройство бетонной подготовки","100 м3 бетона, бутобетона и железобетона в деле","0,02025\n13,5*0,15/100",69838.84,1290.6,1750.57,223.02,null,1414,26,35,5,180,3.65]
[86,"ТЕР06-01-015-10\nПост.Минстроя Астрах.обл. от 19.03.10 №3","Армирование подстилающих слоев и набетонок","1 т",0.405,8969.77,102.89,36.28,1.98,null,3633,42,15,1,12.64,5.12]
[87,"ТЕР11-01-011-08\nПост.Минстроя Астрах.обл. от 30.03.2012 № 5","Устройство стяжек: из выравнивающей смеси типа «Ветонит» 5000, толщиной 5 мм","100 м2 стяжки",0.135,5022.35,295.33,22.9,1.38,null,678,40,3,null,37.67,5.09]
[88,"ТЕР11-01-027-06\nПост.Минстроя Астрах.обл. от 19.03.10 №3","Устройство покрытий на растворе из сухой смеси с приготовлением раствора в построечных условиях из плиток: гладких неглазурованных керамических для полов одноцветных","100 м2 покрытия",0.135,9092.67,963.03,147.59,42.24,null,1228,130,20,6,119.78,16.17]
[89,"ТЕР46-02-009-01\nПост.Минстроя Астрах.обл. от 19.03.10 №3","Отбивка штукатурки с поверхностей: стен и потолков деревянных","100 м2",0.25,211.66,211.66,null,null,null,53,53,null,null,29.52,7.38]
[90,"ТЕР08-02-001-07\nПост.Минстроя Астрах.обл. от 19.03.10 №3","Кладка стен кирпичных внутренних: при высоте этажа до 4 м","1 м3 кладки",0.4,856.26,39.8,38.04,4.96,null,343,16,15,2,5.21,2.08]
[91,"ТЕР10-05-009-02\nПост.Минстроя Астрах.обл. от 19.03.10 №3\nприм.","Облицовка стен  по одинарному металлическому каркасу из ПН и ПС профилей гипсокартонными панелями ПВХ","100 м2 стен (за вычетом проемов)",0.4812,7116,558.78,13.94,null,null,3424,269,7,null,67,32.24]
[92,"ТЕР15-01-047-15\nПост.Минстроя Астрах.обл. от 19.03.10 №3","Устройство: подвесных потолков типа <Армстронг> по каркасу из оцинкованного профиля","100 м2 поверхности облицовки",0.135,6671.01,886.28,449.33,8.09,null,901,120,61,1,102.46,13.83]
[93,"ТЕР46-04-012-03\nПост.Минстроя Астрах.обл. от 19.03.10 №3","Разборка деревянных заполнений проемов: дверных и воротных","100 м2",0.0189,1029.05,773.09,255.96,82.43,null,19,15,4,2,103.91,1.96]
[94,"ТЕР10-01-039-01\nПост.Минстроя Астрах.обл. от 30.03.2012 № 5","Установка блоков в наружных и внутренних дверных проемах: в каменных стенах, площадь проема до 3 м2","100 м2 проемов",0.0189,40440.44,880.12,1325.67,140.63,null,764,17,25,3,104.28,1.97]
[95,"ТЕР10-01-060-01\nПост.Минстроя Астрах.обл. от 19.03.10 №3","Установка и крепление наличников","100 м коробок блоков",0.051,797.38,58.73,3.6,null,null,41,3,null,null,7.82,0.4]
[96,"ТЕРр57-3-1\nПост.Минстроя Астрах.обл. от 19.03.10 №3","Разборка плинтусов: деревянных и из пластмассовых материалов","100 м плинтуса",0.1604,27.03,27.03,null,null,null,4,4,null,null,3.77,0.6]
[97,"ТЕР11-01-040-01\nПост.Минстр.Астрах.обл. №18 от 31.10.11","Устройство плинтусов поливинилхлоридных: на клее КН-2","100 м плинтуса",0.1604,1374.86,80.73,2.7,null,null,221,13,null,null,8.99,1.44]
[98,"ТЕР20-02-002-03\nПост.Минстроя Астрах.обл. от 19.03.10 №3","Установка решеток жалюзийных площадью в свету: до 1,5 м2","1 решетка",1,35.01,17.39,4.73,0.12,null,35,17,5,null,2.11,2.11]
[99,"ТЕР20-02-003-01\nПост.Минстроя Астрах.обл. от 19.03.10 №3","Установка решеток жалюзийных стальных: неподвижных односекционных, размер 150х490 мм","1 решетка",1,23.58,9.64,2.5,null,null,24,10,3,null,1.17,1.17]
[100,"ТЕРр57-2-1\nПост.Минстроя Астрах.обл. от 19.03.10 №3","Разборка покрытий полов: из линолеума и релина","100 м2 покрытия",0.135,85.97,81.67,4.3,1.38,null,12,11,1,null,11.39,1.54]
[101,"ТЕРр62-42-1\nПост.Минстроя Астрах.обл. от 19.03.10 №3","Протравка цементной штукатурки нейтрализующим раствором","100 м2 протравленной поверхности",0.6162,34.39,27.03,null,null,null,21,17,null,null,3.77,2.32]
["Итого по разделу 6 №8",null,null,null,null,null,null,null,null,null,65878,null,null,null,null,190.89]
["                           Раздел 7. Обрешетка"]
[102,"ТЕРм38-01-003-04\nПост.Минстр.Астрах.обл. №18 от 31.10.11","Решетчатые конструкции (стойки, опоры, фермы и пр.), сборка с помощью: лебедок ручных (с установкой и снятием их в процессе работы) или вручную (мелких деталей)","1 т конструкций",1.3488,7728.52,1060.8,400.99,13.96,null,10424,1431,541,19,120,161.86]
[103,"ТЕРм38-01-006-07\nПост.Минстр.Астрах.обл. №18 от 31.10.11","Сборка с помощью лебедок ручных (с установкой и снятием их в процессе работы) или вручную (мелких деталей): листовые конструкции массой до 0,5 т (бачки, течки, воронки, желоба, лотки и пр.)","1 т конструкций",0.1076,13380.71,1678.1,2936.04,33.92,null,1440,181,316,4,194,20.87]
[104,"ТЕР09-04-012-01\nПост.Минстроя Астрах.обл. от 30.03.2012 № 5","Установка металлических дверных блоков в готовые проемы","1 м2 проема",1.89,74.59,21.89,19.76,null,null,141,41,37,null,2.4,4.54]
[105,"ТЕР09-03-040-01\nПост.Минстроя Астрах.обл. от 19.03.10 №3","Монтаж защитных ограждений оборудования","1 т конструкций",1.3488,1023.55,767.52,67.52,1.49,null,1381,1035,91,2,94.29,127.18]
["Итого по разделу 7 Обрешетка",null,null,null,null,null,null,null,null,null,110484,null,null,null,null,433.95]
["                           Раздел 8. Электромонтажные работы"]
[106,"ТЕРр67-4-1\nПост.Минстроя Астрах.обл. от 19.03.10 №3","Демонтаж: выключателей, розеток","100 шт.",0.21,41.87,41.87,null,null,null,9,9,null,null,5.84,1.23]
[107,"ТЕРр67-4-5\nПост.Минстроя Астрах.обл. от 19.03.10 №3","Демонтаж: светильников для люминесцентных ламп","100 шт.",0.18,134.5,131.85,2.65,0.85,null,24,24,null,null,17.89,3.22]
[108,"ТЕРр67-1-3\nПост.Минстроя Астрах.обл. от 19.03.10 №3","Демонтаж электропроводки, провода на крюках (якорях) с изоляторами сечением: 16 мм2","100 м",1.97,98.3,98.3,null,null,null,194,194,null,null,13.71,27.01]
[109,"ТЕРм08-03-594-11\nПост.Минстроя Астрах.обл. от 19.03.10 №3","Светильник в подвесных потолках, устанавливаемый: на подвесках, количество ламп в светильнике до 4","100 шт.",0.25,13964.06,2891.04,2501.42,808.7,null,3491,723,625,202,317,79.25]
[110,"ТЕРм08-03-591-05\nПост.Минстроя Астрах.обл. от 19.03.10 №3","Выключатель: двухклавишный утопленного типа при скрытой проводке","100 шт.",0.06,350.3,299.14,9.43,0.5,null,21,18,1,null,32.8,1.97]
[111,"ТЕРм08-03-591-09\nПост.Минстроя Астрах.обл. от 19.03.10 №3","Розетка штепсельная: утопленного типа при скрытой проводке","100 шт.",0.17,453.02,347.47,9.43,0.5,null,77,59,2,null,38.1,6.48]
[112,"ТЕРм08-02-403-03\nПост.Минстр.Астрах.обл. №18 от 31.10.11","Провод групповой осветительных сетей в защитной оболочке или кабель двух-трехжильный: под штукатурку по стенам или в бороздах","100 м",1.78,1748.31,320.05,7.07,0.37,null,3112,570,13,1,37,65.86]
[113,"ТЕРм08-03-599-09\nПост.Минстроя Астрах.обл. от 19.03.10 №3","Щитки осветительные, устанавливаемые на стене: распорными дюбелями, масса щитка до 6 кг\n(МДС37 п.3.2.1.Демонтаж оборудования, которое не подлежит дальнейшему использованию (предназначено в лом) без разборки и резки ОЗП=0,3; ЭМ=0,3 к расх.; ЗПМ=0,3; МАТ=0 к расх.; ТЗ=0,3; ТЗМ=0,3)","1 шт.",1,10.25,9.2,1.05,0.04,null,10,9,1,null,1.008,1.01]
[114,"ТЕРм08-03-599-09\nПост.Минстроя Астрах.обл. от 19.03.10 №3","Щитки осветительные, устанавливаемые на стене: распорными дюбелями, масса щитка до 6 кг","1 шт.",1,82.31,30.64,3.51,0.12,null,82,31,4,null,3.36,3.36]
["Итого по разделу 8 Электромонтажные работы",null,null,null,null,null,null,null,null,null,86917,null,null,null,null,255.69]
["                           Раздел 9. Новый Раздел"]
[115,"ФССЦпг01-01-02-021\nИ1-Пр. Минрегион от 05.05.12 №189","Разгрузочные работы при автомобильных перевозках: материалов, перевозимых в мешках и пакетах\n(ОЗП=0,919; ЭМ-ЗПМ=1,145 к расх.; ЗПМ=0,919; МАТ=1,193 к расх.; ТЗ=0,919; ТЗМ=0,919)","1 т груза",6,22.88,null,22.88,null,null,137,null,137]
[116,"ФССЦпг01-01-01-041\nИ1-Пр. Минрегион от 05.05.12 №189","Погрузочные работы при автомобильных перевозках: мусора строительного с погрузкой вручную\n(ОЗП=0,919; ЭМ-ЗПМ=1,145 к расх.; ЗПМ=0,919; МАТ=1,193 к расх.; ТЗ=0,919; ТЗМ=0,919)","1 т груза",14,39.5,39.5,null,null,null,553,553]
[117,"ФССЦпг03-21-01-015\nПр. Минрегион от 20.07.11 №354","Перевозка грузов автомобилями-самосвалами грузоподъемностью 10 т, работающих вне карьера, на расстояние: до 15 км I класс груза\n(ОЗП=0,919; ЭМ-ЗПМ=1,145 к расх.; ЗПМ=0,919; МАТ=1,193 к расх.; ТЗ=0,919; ТЗМ=0,919)","1 т груза",14,15.32,null,15.32,null,null,214,null,214]
[118,"ТСЦ-103-1939\nИ1","Трубы стальные прямоугольные из стали марки ст1-3сп/пс размером 40х25 мм, толщина стенки 2 мм","т",0.0106,7264.65,null,null,null,null,77]
[119,"ТСЦ-101-3715\nПост.Минстроя Астрах.обл. от 19.03.10 №3","Сталь угловая равнополочная, марка стали: Ст3сп, размером 32х32х3 мм","т",0.038,7941.54,null,null,null,null,302]
[120,"ТСЦ-101-3770\nПост.Минстроя Астрах.обл. от 30.03.2012 № 5","Сталь листовая горячекатаная марки Ст3 толщиной 2,0 мм","т",0.059,7100,null,null,null,null,419]
[121,"ТСЦ-101-0956\nПост.Минстроя Астрах.обл. от 19.03.10 №3","Петля накладная","шт.",2,11.92,null,null,null,null,24]
[122,"ТСЦ-101-2003\nПост.Минстроя Астрах.обл. от 19.03.10 №3","Замки накладные с засовом и защелкой","компл.",2,105.83,null,null,null,null,212]
[123,"Прайс лист\nПост.Минстроя Астрах.обл. от 19.03.10 №3","Горячекатаная арматурная сталь периодического профиля класса: А-III, диаметром 10 мм","т","0,9788\n0,93+0,0488",5650,null,null,null,null,5530]
[124,"Прайс лист\nПост.Минстроя Астрах.обл. от 19.03.10 №3","Горячекатаная арматурная сталь периодического профиля класса: А-III, диаметром 16-18 мм","т",1.3,5650,null,null,null,null,7345]
[125,"Прайс лист\nПост.Минстроя Астрах.обл. от 19.03.10 №3","Щебень из гравия для строительных работ марка: Др.24, фракция 10-20 мм","т",13,186,null,null,null,null,2418]
[126,"Прайс лист\nПост.Минстроя Астрах.обл. от 19.03.10 №3","Песок природный для строительных: работ средний","т",10.4,174,null,null,null,null,1810]
[127,"Прайс лист","Цемент","т",3.35,1033.5,null,null,null,null,3462]
[128,"Прайс лист","Кирпич керамический одинарный","шт",1200,1.38,null,null,null,null,1656]
[129,"Прайс лист","Биполь","м2",82,17.22,null,null,null,null,1412]
[130,"Прайс лист","Грунтовка антисептическая","л",60,6.87,null,null,null,null,412]
["Итого по разделу 9 Новый Раздел",null,null,null,null,null,null,null,null,null,132682]
["ИТОГИ ПО СМЕТЕ:"]
["Итого прямые затраты по смете в ценах 2001г.",null,null,null,null,null,null,null,null,null,120975,12512,6454,630,null,1433.53]
["Итого прямые затраты по смете с учетом коэффициентов к итогам",null,null,null,null,null,null,null,null,null,127418,16685,8724,873,null,1929.7]
["  В том числе, справочно:"]
["   МДС35-IV п.4.7._При ремонте и реконструкции зданий и сооружений работы, аналогичные технологическим процессам в новом строительстве ОЗП=1,15; ЭМ=1,25; ЗПМ=1,25; ТЗ=1,15; ТЗМ=1,25  (Поз. 3, 57, 81, 4, 6, 9-11, 25-26, 31, 45, 58, 60, 63-64, 66, 82, 84, 87-88, 97, 5, 59, 83, 7-8, 61-62, 85-86, 13, 17-18, 21, 27-29, 38-39, 48, 52-53, 68, 72-73, 91, 94-95, 14, 30, 32, 34, 36, 40-42, 49, 54, 69, 92, 15-16, 35, 43, 50, 76-77, 98-99, 33, 46-47, 74, 90, 104-105, 102-103, 109-114)",null,null,null,null,null,null,null,null,null,2358,1484,873,96,null,174.552]
["   МДС35 пр.1 т.3 п.1._Производство ремонтных работ в существующих зданиях и сооружениях, освобожденных от оборудования и других предметов, мешающих нормальному производству работ ОЗП=1,2; ЭМ=1,2; ЗПМ=1,2; ТЗ=1,2; ТЗМ=1,2  (Поз. 1, 20, 37, 51, 55, 71, 79, 89, 93, 2, 56, 80, 3, 57, 81, 4, 6, 9-11, 25-26, 31, 45, 58, 60, 63-64, 66, 82, 84, 87-88, 97, 5, 59, 83, 7-8, 61-62, 85-86, 12, 70, 101, 13, 17-18, 21, 27-29, 38-39, 48, 52-53, 68, 72-73, 91, 94-95, 14, 30, 32, 34, 36, 40-42, 49, 54, 69, 92, 15-16, 35, 43, 50, 76-77, 98-99, 19, 22, 67, 23-24, 44, 65, 96, 100, 33, 46-47, 74, 90, 75, 78, 104-105, 102-103, 106-114)",null,null,null,null,null,null,null,null,null,4085,2689,1395,145,null,321.616]
["Итого прямые затраты по смете с учетом индексов, в текущих ценах  Итого прямые затраты по смете с учетом индексов, в текущих ценах (ОЗП=13,03, ЭМ=5,95, ЗПМ=13,03, МАТ=0)  (ОЗП=13,03, ЭМ=5,95, ЗПМ=13,03, МАТ=4,92- поз. 115-130)",null,null,null,null,null,null,null,null,null,392702,217405,51909,11374,null,1929.7]
["Накладные расходы",null,null,null,null,null,null,null,null,null,222777]
["Сметная прибыль",null,null,null,null,null,null,null,null,null,127554]
["ВСЕГО по смете",null,null,null,null,null,null,null,null,null,797274,null,null,null,null,1929.7]
["  Итого Строительные работы",null,null,null,null,null,null,null,null,null,478715,null,null,null,null,1421.84]
["  Итого Монтажные работы",null,null,null,null,null,null,null,null,null,264318,null,null,null,null,507.86]
["  Итого",null,null,null,null,null,null,null,null,null,743033,null,null,null,null,1929.7]
["    В том числе:"]
["      Материалы",null,null,null,null,null,null,null,null,null,123388]
["      Машины и механизмы",null,null,null,null,null,null,null,null,null,51909]
["      ФОТ",null,null,null,null,null,null,null,null,null,228779]
["      Накладные расходы",null,null,null,null,null,null,null,null,null,222777]
["      Сметная прибыль",null,null,null,null,null,null,null,null,null,127554]
["  Непредвиденные затраты 2%",null,null,null,null,null,null,null,null,null,14861]
["  Итого с непредвиденными",null,null,null,null,null,null,null,null,null,757894]
["  Возмещение НДС (МАТ/1,02+(ЭМ-ЗПМ)+СП*0,15+НР*0,1712)*0,18",null,null,null,null,null,null,null,null,null,39380]
["  ВСЕГО по смете",null,null,null,null,null,null,null,null,null,797274,null,null,null,null,1929.7]